000 01135nam a2200265 a 4500
003 DO-SdBNP
005 20221027120016.0
007 ta
008 221027e2006 dr ad||fry||| 00| 0 eng d
040 _aDO-SdBNP
_bspa
_cBNPHU
082 4 _222
_bR426d
110 1 _aRepública Dominicana.
_9447
245 1 0 _aDomincan Republic- fiscal, year, Dominican Republic poverty assessment:
_bachieving more pro-poor growth.
260 _aSanto Domingo :
_bWorld Bank,
_c2006
300 _a293 p. :
_bil., gráf. ;
_c28 cm.
500 _aDocumento del banco mundial, el Banco Interamericano de Desarrollo y el Gobierno de la República Dominicana.
590 _aInventariado 2022 / MF
650 4 _937715
_aPobreza
_vAnuarios
_zRepública Dominicana
650 0 _954044
_aInvestigación Científica
_vAnuario
_xPobreza
651 _aRepública Dominicana
_vAnuario
_xPobreza
_y2006
_982606
710 2 _aCaribean Country Management Unit Latin America and the Caribean Region.
_982604
710 2 _a Regional Opertions Department 2 Social Division Programs (RE/SO2) Inter-American Development Bank.
_982605
910 _aMFeliz
942 _2ddc
_cLBS1
999 _c52657
_d52657